[Event "Sant Boi de Llobregat op 4th"]
[Site "Sant Boi de Llobregat"]
[Date "2023.12.02"]
[Round "3"]
[White "Karamsetty, Jeevan"]
[Black "Johansson, Linus"]
[Result "0-1"]
[WhiteElo "2275"]
[BlackElo "2439"]
[PlyCount "108"]
[EventDate "2023.11.30"]
[EventType "swiss"]
[EventRounds "9"]
[EventCountry "ESP"]
[SourceTitle "CB50_2023"]
[SourceDate "2023.12.13"]
[SourceVersion "1"]
[SourceVersionDate "2023.12.13"]
[SourceQuality "1"]

1. e4 e6 2. d3 d5 3. Nd2 Nf6 4. Ngf3 Nc6 5. c3 Bd6 6. Be2 0-0 7. 0-0 Re8 8. Re1 e5 9. exd5 Nxd5 10. Nc4 h6 11. Qb3 Nb6 12. Nxb6 axb6 13. Bf1 Be6 14. Qc2 Bd5 15. Nd2 Ne7 16. b4 Ng6 17. Ne4 Bf8 18. Ng3 Qd7 19. a3 Qc6 20. Qb2 b5 21. Nf5 Be6 22. Ng3 Rad8 23. Bd2 Nf4 24. Re3 g6 25. Ne4 Bg7 26. Rae1 b6 27. f3 Nd5 28. R3e2 f5 29. Nf2 Bf7 30. Qc1 Kh7 31. g3 Qd7 32. Bg2 c5 33. Qc2 Rc8 34. bxc5 Rxc5 35. Rc1 Rec8 36. Nd1 b4 37. c4 bxa3 38. Qa2 b5 39. Qxa3 bxc4 40. dxc4 Rxc4 41. Rxc4 Rxc4 42. Nb2 Rc2 43. Bf1 e4 44. Nd1 Nb6 45. Be3 Nc4 46. Qa7 Qxd1 47. Rxc2 Nxe3 48. Rf2 Nxf1 49. Kg2 exf3+ 50. Kh3 Bc4 51. Rb2 Qd4 52. Qxd4 Bxd4 53. Rb7+ Bg7 54. Rc7 Ne3 0-1

[Event "Fagernes Autumn op"]
[Site "Fagernes"]
[Date "2022.10.12"]
[Round "4"]
[White "Nilsen, Tobias Lang"]
[Black "Johansson, Linus"]
[Result "1/2-1/2"]
[WhiteElo "2280"]
[BlackElo "2461"]
[PlyCount "77"]
[EventDate "2022.10.09"]
[EventType "swiss"]
[EventRounds "9"]
[EventCountry "NOR"]
[SourceTitle "CBM 210 Extra"]
[Source "ChessBase"]
[SourceDate "2022.11.30"]
[SourceVersion "1"]
[SourceVersionDate "2022.11.30"]
[SourceQuality "1"]

1. e4 c5 2. Nf3 Nc6 3. d4 cxd4 4. Nxd4 Nf6 5. Nc3 e5 6. Ndb5 d6 7. Nd5 Nxd5 8. exd5 Nb8 9. Qf3 Be7 10. Qc3 Na6 11. Be3 0-0 12. Nxa7 f5 13. Bxa6 f4 14. Bd2 Rxa7 15. Bd3 Qe8 16. f3 Bd8 17. Be4 Bf5 18. Bxf5 Rxf5 19. 0-0 Bb6+ 20. Kh1 g5 21. Qd3 Rf6 22. Be1 Ra4 23. c4 g4 24. fxg4 e4 25. Qc3 Rf7 26. b3 Ra8 27. Qh3 Bd4 28. Bc3 Qe5 29. Bxd4 Qxd4 30. g5 Re8 31. Qg4 Qe5 32. g6 hxg6 33. Qxg6+ Kf8 34. Rae1 Rf6 35. Qh7 Re7 36. Qh8+ Kf7 37. Qh7+ Ke8 38. Qh8+ Kf7 39. Qh7+ 1/2-1/2

[Event "Fagernes Autumn op"]
[Site "Fagernes"]
[Date "2022.10.11"]
[Round "3"]
[White "Johansson, Linus"]
[Black "Shehzad, Shazil Khan"]
[Result "1-0"]
[WhiteElo "2461"]
[BlackElo "2224"]
[PlyCount "219"]
[EventDate "2022.10.09"]
[EventType "swiss"]
[EventRounds "9"]
[EventCountry "NOR"]
[SourceTitle "CBM 210 Extra"]
[Source "ChessBase"]
[SourceDate "2022.11.30"]
[SourceVersion "1"]
[SourceVersionDate "2022.11.30"]
[SourceQuality "1"]

1. d4 Nf6 2. c4 g6 3. Nc3 d5 4. cxd5 Nxd5 5. e4 Nxc3 6. bxc3 Bg7 7. Nf3 0-0 8. Be3 c5 9. Rc1 b6 10. Be2 cxd4 11. cxd4 Bb7 12. Qd3 Nd7 13. 0-0 Rc8 14. Nd2 Nf6 15. f3 Qd7 16. Nc4 Qa4 17. Rc3 Ba6 18. Ra3 Qxc4 19. Rxa6 Qxd3 20. Bxd3 Rc7 21. Ra4 Nd7 22. e5 e6 23. Rc1 Rfc8 24. Rac4 Rxc4 25. Rxc4 Rxc4 26. Bxc4 Nb8 27. f4 Bf8 28. d5 exd5 29. Bxd5 Na6 30. Kf1 Bc5 31. Bc1 Bd4 32. Ke2 Nc5 33. g4 Kf8 34. h4 Ke7 35. g5 Kf8 36. Kf3 Ke7 37. Bd2 Kf8 38. Bb4 Ke7 39. Ba3 Ke8 40. Bc4 Ke7 41. Kg4 Ke8 42. Bc1 Ke7 43. h5 Kf8 44. h6 Bc3 45. Be3 Bb2 46. Kf3 Ba1 47. Bf2 Bb2 48. Be3 Ba1 49. Be2 Bb2 50. Bd1 Ba1 51. Bc2 Bb2 52. Kg4 Ba1 53. Bd1 Bb2 54. Kf3 Ba1 55. Ke2 Bc3 56. Kf1 Kg8 57. Bf3 Kf8 58. Ke2 Ke7 59. Bd5 Kf8 60. Kd1 Ke7 61. Kc2 Ba1 62. Kd2 Bb2 63. Ke2 Bc3 64. Kf3 Bb2 65. Kg4 Bc3 66. Bf2 Nd7 67. Bg3 Bd4 68. Bb3 Bc3 69. Bc4 Bd4 70. Kf3 Nc5 71. f5 gxf5 72. Kf4 Ne6+ 73. Kxf5 Nf8 74. Ke4 Bc5 75. Be1 Ng6 76. Bd2 Nf8 77. Kd5 Ng6 78. Bd3 Nf8 79. Bf5 Ng6 80. e6 Nf8 81. exf7 Kxf7 82. a4 Ng6 83. Be6+ Kf8 84. Ke4 Be7 85. Kf5 Bd6 86. Bc3 a6 87. Bg7+ Ke8 88. Bg8 Ne7+ 89. Ke6 Nxg8 90. Kxd6 Kf7 91. Kc6 b5 92. a5 Kg6 93. Kb6 Ne7 94. Bf8 Nd5+ 95. Kxa6 b4 96. Kb5 b3 97. Bg7 Kxg5 98. Kc4 Nc7 99. Kxb3 Kf5 100. Kc4 Ke6 101. Kc5 Kd7 102. Kb6 Nd5+ 103. Kb7 Nb4 104. Bc3 Nd3 105. Kb6 Kc8 106. Bd4 Ne1 107. Be5 Nf3 108. Bf4 Ne1 109. a6 Nd3 110. a7 1-0

[Event "Fagernes Autumn op"]
[Site "Fagernes"]
[Date "2022.10.10"]
[Round "2"]
[White "Kvaloy, Aksel Bu"]
[Black "Johansson, Linus"]
[Result "1-0"]
[WhiteElo "2278"]
[BlackElo "2461"]
[PlyCount "119"]
[EventDate "2022.10.09"]
[EventType "swiss"]
[EventRounds "9"]
[EventCountry "NOR"]
[SourceTitle "CBM 210 Extra"]
[Source "ChessBase"]
[SourceDate "2022.11.30"]
[SourceVersion "1"]
[SourceVersionDate "2022.11.30"]
[SourceQuality "1"]

1. e4 e6 2. d4 d5 3. Nd2 c5 4. Ngf3 cxd4 5. exd5 Qxd5 6. Bc4 Qd6 7. 0-0 Nf6 8. Nb3 Nc6 9. Nbxd4 Nxd4 10. Nxd4 Be7 11. c3 0-0 12. Qf3 Qc7 13. Bb3 a5 14. Bf4 e5 15. Bg3 Bg4 16. Qd3 Nh5 17. Rfe1 Bf6 18. Nb5 Qd7 19. Qxd7 Bxd7 20. Nc7 Rac8 21. Bxe5 Bxe5 22. Rxe5 Rxc7 23. Rxh5 a4 24. Bc2 f5 25. a3 Rf6 26. Rh4 Rb6 27. Rb4 Rxb4 28. axb4 b5 29. f4 Kf7 30. Kf2 Kf6 31. Ke3 Be6 32. g3 Bc4 33. Rd1 Re7+ 34. Kd4 Rc7 35. Bd3 Rd7+ 36. Ke3 h6 37. Ke2 Bb3 38. Rd2 Rb7 39. Kf2 g5 40. Re2 gxf4 41. gxf4 Bc4 42. Bxc4 bxc4 43. Rd2 Ke6 44. Rd8 Rc7 45. Rh8 h5 46. Rh6+ Kd5 47. Kf3 a3 48. bxa3 Ra7 49. Rxh5 Rxa3 50. Rxf5+ Kd6 51. Ke4 Rxc3 52. Kd4 Rc1 53. Rd5+ Ke7 54. Rc5 Rf1 55. f5 Rf4+ 56. Ke5 Rh4 57. b5 Kd7 58. b6 Rxh2 59. Rc7+ Kd8 60. Rxc4 1-0

[Event "EU-Cup 37th"]
[Site "Mayrhofen"]
[Date "2022.10.05"]
[Round "3.4"]
[White "Johansson, Linus"]
[Black "Volokitin, Andrei"]
[Result "1/2-1/2"]
[WhiteElo "2461"]
[BlackElo "2645"]
[PlyCount "76"]
[EventDate "2022.10.03"]
[EventType "team-swiss"]
[EventRounds "7"]
[EventCountry "AUT"]
[SourceTitle "CBM 210 Extra"]
[Source "ChessBase"]
[SourceDate "2022.11.30"]
[SourceVersion "1"]
[SourceVersionDate "2022.11.30"]
[SourceQuality "1"]
[WhiteTeam "Bayern Muenchen"]
[BlackTeam "Ljubljana Tajfun"]
[WhiteTeamCountry "GER"]
[BlackTeamCountry "SLO"]

1. d4 Nf6 2. c4 e6 3. Nc3 Bb4 4. e3 0-0 5. Nf3 c5 6. Bd3 d5 7. cxd5 exd5 8. dxc5 Bg4 9. 0-0 Nbd7 10. Bd2 Ne5 11. Be2 Bxf3 12. Bxf3 Bxc5 13. Be2 a6 14. Qb3 b5 15. Rad1 Ra7 16. Bc1 Rd7 17. a4 b4 18. Nb1 Qb6 19. Nd2 d4 20. Nf3 Nxf3+ 21. Bxf3 Rfd8 22. exd4 Rxd4 23. Rxd4 Bxd4 24. g3 Qc5 25. Kg2 h5 26. Rd1 Ng4 27. Be3 Nxe3+ 28. fxe3 Bf6 29. Rxd8+ Bxd8 30. Qd5 Qxd5 31. Bxd5 a5 32. b3 g6 33. h4 Kg7 34. Kf3 Bc7 35. Bc4 f5 36. Bb5 Kf7 37. Kf2 Ke7 38. Kf3 Bd6 1/2-1/2